000 00269nam a2200085Ia 4500
245 0 _aAfrican women's movements : transforming political landscapes
100 _a Tripp, Aili Mari Cambridge, 2009
_977943
942 _cBK
008 210817s9999 xx 000 0 und d
999 _c268142
_d268141